Desarrollo rural y pobreza en Centroamérica en la década de 1990: las políticas y algunos límites del modelo "neoliberal" /
Parte de una revisión de las principales interpretaciones del desarrollo contemporáneo en el agro latinoamericano -como contexto inmediato del caso centroamericano- para hacer una propuesta de periodización general en esta problemática, centrándose en la fase de transición de las décadas de 1980 y 1...
Guardado en:
| Hovedforfatter: | |
|---|---|
| Format: | Texto |
| Sprog: | Spanish |
| Fag: | |
| Tags: |
Tilføj Tag
Ingen Tags, Vær først til at tagge denne postø!
|
MARC
| LEADER | 00000 a a2200000 04500 | ||
|---|---|---|---|
| 003 | cru IIS | ||
| 005 | 20210809123140.0 | ||
| 008 | 210809b |||||||| |||| 00| 0 spa d | ||
| 040 | |c cru IIS | ||
| 100 | 1 | |a Viales Hurtado, Ronny José |9 724 |e Autor | |
| 245 | 1 | |a Desarrollo rural y pobreza en Centroamérica en la década de 1990: |b las políticas y algunos límites del modelo "neoliberal" / |c Ronny J. Viales Hurtado | |
| 300 | |a páginas 139-157: |b tablas, gráficos | ||
| 500 | |a Colección Centroamérica | ||
| 520 | |a Parte de una revisión de las principales interpretaciones del desarrollo contemporáneo en el agro latinoamericano -como contexto inmediato del caso centroamericano- para hacer una propuesta de periodización general en esta problemática, centrándose en la fase de transición de las décadas de 1980 y 1990. Profundiza en el estudio de algunos resultados del ajuste agrícola en Centroamérica durante la década de 1990 para, finalmente, discutir brevemente sobre la interrogante de primer orden: ¿es la agricultura una fuente de atraso económico para esta región? REV/LCL | ||
| 650 | 0 | |a DESARROLLO RURAL |9 1123 | |
| 650 | 0 | |a POBREZA |9 284 | |
| 650 | 0 | |a AGRICULTURA |9 93 | |
| 650 | 0 | |a LIBERALISMO |9 82 | |
| 650 | 0 | |a POLITICA AGRARIA |9 2023 | |
| 650 | 0 | |a PUBLICACIONES INSTITUTO DE INVESTIGACIONES SOCIALES-UCR |9 1857 | |
| 650 | 0 | |a INDICADORES SOCIALES |9 2105 | |
| 650 | 0 | |a INDICADORES ECONOMICOS |9 3384 | |
| 650 | 0 | |a INDICADORES DEMOGRÁFICOS |9 5320 | |
| 650 | 0 | |a USO DE LA TIERRA |9 394 | |
| 651 | 0 | |9 308 |a CENTROAMERICA | |
| 773 | |g volumen 25, número 2; páginas 103-138 | ||
| 773 | 0 | |0 18765 |9 5842 |a Universidad de Costa Rica. |d San José, Costa Rica: Editorial Universidad de Costa Rica, 1974- |o 21402 |t Anuario de Estudios Centroamericanos / |x 03777316 | |
| 942 | |2 ddc |c PP | ||
| 999 | |c 43810 |d 43810 | ||
